Normal view
MARC view
- Escuela Normal para Profesoras (México)
Entry Nombre Corporativo
001 - NÚMERO DE CONTROL
- campo de control: 52596
003 - IDENTIFICADOR DE NUMERO DE CONTROL
- campo de control: MX-MxUPN
005 - FECHA Y HORA DE LA ÜLTIMA TRANSACCIÓN
- campo de control: 20240701134440.0
008 - DATOS DE LONGITUD FIJA
- campo de control de longitud fija: 240701|| aca||aabn | a|a d
040 ## - FUENTE DE CATALOGACIÓN
- Agencia original de catalogación: MX-MxUPN
- Lenguaje de catalogación: spa
- Agencia transcribe: MX-MxUPN
110 2# - ENCABEZAMIENTO - NOMBRE CORPORATIVO
- Nombre corporativo o de jurisdicción como elemento de entrada : Escuela Normal para Profesoras (México)
670 ## - FUENTE EN LA QUE SE LOCALIZARON DATOS
- Cita de la fuente : La enseñanza del trabajo manual en las escuelas primarias y las normales, 1903:
- Información localizada: (sello en la portada: Escuela Normal para Profesoras)
902 ## - CATALOGADOR
- Catalogador: Víctor Ruiz/010724
